000 00387nam a22001697a 4500
003 UA-OsUOA
001 2321
007 ta
008 20050721b un ||||| |||| 00| 0 ukr d
100 _aNelson
700 _aWayne F.
942 _cBK
040 _aUA-OsUOA
_cUA-OsUOA
_dUA-OsUOA
245 _aExtraordinary investments for ordinary investors.
_bEconomics
955 _a2
650 7 _2UDC
999 _c288483
_d288483